Σιών : εφημερίς θρησκευτική

Saved in:
Bibliographic Details
Format: Book
Language:Greek
Published: Εν Αθήναις : [Χ. τ.] , 1881-1883
Subjects:
Tags: Add Tag
No Tags, Be the first to tag this record!

MARC

LEADER 00000cam a2200000 a 4500
001 1/108812
008 150922d18811883gr | ||| |||| ||gre||
040 |a GR-MyUa  |b gre  |c GR-MyUa  |e AACR2 
041 0 |a gre 
082 7 |a 079.495   |2 (23)  
245 1 0 |a Σιών :  |b εφημερίς θρησκευτική 
260 |a Εν Αθήναις :   |b [Χ. τ.] ,   |c 1881-1883 
300 |a 1 τ. (ποικίλες σελιδαριθμήσεις) ;   |c 37 εκ.  
500 |a Εκδίδοται άπας της εβδομάδος.  
505 8 |a Περιέχει τον αρ. 1 έως και τον αρ. 143, 1881-1883. 
650 0 |a Religion. 
650 0 |a Newspapers  |z Greece. 
852 |a INST  |b SAMOS  |c PORFYRIADA  |e 20150922  |h 079.495 ΣΙΩ  |p 005300042801  |q 005300042801  |t NOLOAN  |y 23 
970 |a Κοσιέρης  |b Χρήστος  |z 22/09/2015